000 00691nam a2200229 i 4500
001 27590
003 ES-MaACL
005 20250511122555.0
007 t|
008 030115s1961 mx ||||1| spa d
100 1 _aArauz, Alvaro.
_922366
245 1 0 _aLope de Vega y Calderón de la Barca /
_cAlvaro Arauz.
250 _a3ª ed.
260 _aMéxico :
_bPatria,
_c[1961]
300 _a62 p., 2 lám. :
_b1 retr. aut. ;
_c17 cm.
600 1 4 _9113563
_aVega, Lope de,
_d1562-1635
600 1 4 _aCalderón de la Barca, Pedro,
_d1600-1681
_9239594
852 _aES-MaACL
_jC-30606
_bR.70074
852 _aES-MaACL
_jC-29523
_bR.59705
942 _2udc
999 _c27590
_d27590